⛷️Skieurs les plus titrés aux Championnats du monde - Statistiques

Statistiques générales
  • Ce quiz a été pris 24 fois
  • Le résultat moyen est 4 sur 15
Statistiques - réponses
Nombres de titres Nationalité Skieur % Correct
5 titres Marcel Hirscher
78%
6 titres Jean-Claude Killy
74%
4 titres Bode Miller
48%
5 titres Ingemar Stenmark
43%
5 titres Aksel Lund Svindal
39%
4 titres Marc Girardelli
39%
5 titres Ted Ligety
39%
5 titres Kjetil André Aamodt
22%
4 titres Pirmin Zurbriggen
22%
4 titres Émile Allais
13%
7 titres Toni Sailer
13%
4 titres Stein Eriksen
4%
4 titres Anton Seelos
0%
5 titres Gustav Thöni
0%
4 titres Rudolf Rominger
0%
Aucun quiz correspondant
Distribution des résultats
% des personnes avec chaque résultat
Percentile par nombre de réponses
Votre historique - résultats
Vous n’avez pas pris ce quiz